Homesick (ft. Sam Fender) - Noah Kahan (All Lyrics) - Statistics

General Stats
  • This quiz has been taken 50 times
  • The average score is 207 of 252
Answer Stats
Lyrics % Correct
a
100%
grew
100%
I
100%
in
100%
The
100%
the
100%
up
100%
England
96%
got
96%
I'm
96%
New
96%
of
96%
and
92%
And
92%
been
92%
find
92%
from
92%
have
92%
(Home)
92%
Home
92%
if
92%
make
92%
me
92%
reason
92%
you
92%
are
88%
because
88%
homesick
88%
how
88%
on
88%
only
88%
that
88%
back,
84%
bored
84%
could
84%
riots
84%
since
84%
weather
84%
yet?
84%
you're
84%
believe
80%
dreams
80%
dreams,
80%
fallout
80%
For
80%
for
80%
hibernation
80%
leave
80%
mean
80%
months
80%
move
80%
my
80%
Two
80%
Well,
80%
won
80%
ago,
76%
ain't
76%
away
76%
bad
76%
bullshit
76%
but
76%
can't
76%
die
76%
distance
76%
eight
76%
gold
76%
great
76%
guy
76%
is
76%
life
76%
motivation
76%
myself
76%
Olympic
76%
rest
76%
runner
76%
sense,
76%
Some
76%
Spend
76%
to
76%
years
76%
every
72%
fuck
72%
house
72%
into
72%
lot
72%
makes
72%
place
72%
such
72%
them
72%
this
72%
what
72%
will
72%
would
72%
anyone
68%
here
68%
masochistic
68%
Oh,
68%
oh
68%
oh,
68%
photograph
68%
summer
68%
taken
68%
that's
68%
'90s
64%
with
64%
Ooh,
60%
ooh
60%
as
56%
town
56%
yeah
56%
fight
52%
other
52%
pick
52%
side,
52%
Static
52%
tryna
52%
castin'
48%
shadows
48%
dreamt
44%
hallowed
44%
lay
44%
man
44%
no
44%
ocean
44%
old
44%
cranes
40%
lifeless,
40%
stand
40%
stare
36%
Yoo-hoo
36%
out
24%
No matching quizzes found
Score Distribution
Percent of People with Each Score
Percentile by Number Answered
Your Score History
You have not taken this quiz